State nicknames - Statistics

General Stats
  • This quiz has been taken 92 times
  • The average score is 28 of 50
Answer Stats
Nickname State % Correct
Empire State New York
97%
Lone Star State Texas
97%
Golden State California
95%
Sunshine State Florida
92%
Great Lake State Michigan
82%
Grand Canyon State Arizona
78%
Peach State Georgia
78%
Aloha State Hawaii
74%
Buckeye State Ohio
74%
Land of Lincoln Illinois
68%
Hoosier State Indiana
68%
Bluegrass State Kentucky
67%
Land of 10,000 Lakes Minnesota
67%
Garden State New Jersey
67%
Quaker State Pennsylvania
67%
Mount Rushmore State South Dakota
65%
Tar Heel State North Carolina
63%
The Last Frontier Alaska
62%
Pelican State Louisiana
62%
Cornhusker State Nebraska
62%
Heart of Dixie Alabama
60%
First State Delaware
60%
Beaver State Oregon
60%
Big Sky Country Montana
59%
Sooner State Oklahoma
58%
Old Dominion Virginia
58%
Sunflower State Kansas
54%
Silver State Nevada
54%
Palmetto State South Carolina
54%
Magnolia State Mississippi
53%
Volunteer State Tennessee
51%
Badger State Wisconsin
51%
Hawkeye State Iowa
50%
Green Mountain State Vermont
50%
Evergreen State Washington
50%
Bay State Massachusetts
49%
Beehive State Utah
47%
Ocean State Rhode Island
42%
Constitution State Connecticut
40%
Land of Enchantment New Mexico
37%
Centennial State Colorado
36%
Mountain State West Virginia
35%
Pine State Maine
33%
Equality State Wyoming
33%
Granite State New Hampshire
29%
Natural State Arkansas
27%
Gem State Idaho
26%
Old Line State Maryland
26%
Roughrider State North Dakota
22%
Cave State Missouri
14%
No matching quizzes found
Score Distribution
Percent of People with Each Score
Percentile by Number Answered
Your Score History
You have not taken this quiz